Reklám, ha mondom, segít a bajon
Elmentve itt :
| Szerző: | |
|---|---|
| Adatforrás: | Meister |
| Forrásdokumentuma: | A Hét. - 14 sz., 1993, 12 p. |
| Nyelv: | magyar |
| Kulcsszavak: | reklámpszichológia szociálpszichológia reklám HOBLAND Carl WEISS Walter ARONSON Eliot BEM Daryl |
| LEADER | 00500nab a2200193 i 4500 | ||
|---|---|---|---|
| 001 | bibPRO00000002 | ||
| 008 | 060524s1993 xx hun | ||
| 040 | |a Sz1 | ||
| 041 | |a hun | ||
| 100 | 1 | |a PÁPAI Judit | |
| 245 | 1 | 0 | |a Reklám, ha mondom, segít a bajon |c PÁPAI Judit |
| 695 | |a reklámpszichológia | ||
| 695 | |a szociálpszichológia | ||
| 695 | |a reklám | ||
| 695 | |a HOBLAND Carl | ||
| 695 | |a WEISS Walter | ||
| 695 | |a ARONSON Eliot | ||
| 695 | |a BEM Daryl | ||
| 773 | 0 | |t A Hét. - |g 14 sz., 1993, 12 p. | |